[Event "2017 O2C Doeberl Cup"]
[Site "Canberra Australia"]
[Date "2017.04.15"]
[Round "6.5"]
[White "Morris, James"]
[Black "Bjelobrk, Igor"]
[Result "1-0"]
[LiveChessVersion "1.4.4"]
[BlackElo "2391"]
[WhiteElo "2459"]

1. e4 {[%clk 1:30:53]} e5 {[%clk 1:28:41]} 2. Nc3 {[%clk 1:31:19]} Nc6
{[%clk 1:29:02]} 3. g3 {[%clk 1:31:29]} Bc5 {[%clk 1:29:19]} 4. Bg2
{[%clk 1:31:38]} a6 {[%clk 1:29:03]} 5. Nge2 {[%clk 1:30:12]} d6 {[%clk 1:29:22]}
6. O-O {[%clk 1:30:33]} Nge7 {[%clk 1:29:43]} 7. Nd5 {[%clk 1:28:32]} O-O
{[%clk 1:20:50]} 8. c3 {[%clk 1:28:44]} Nxd5 {[%clk 1:18:53]} 9. exd5
{[%clk 1:29:08]} Ne7 {[%clk 1:19:14]} 10. d4 {[%clk 1:29:34]} exd4
{[%clk 1:19:30]} 11. Nxd4 {[%clk 1:29:08]} Nf5 {[%clk 1:18:24]} 12. Nb3
{[%clk 1:28:30]} Bb6 {[%clk 1:17:21]} 13. Qf3 {[%clk 1:27:56]} Re8
{[%clk 1:16:38]} 14. h4 {[%clk 1:27:08]} Qf6 {[%clk 1:08:03]} 15. Bf4
{[%clk 1:25:33]} Bd7 {[%clk 1:00:49]} 16. Nd2 {[%clk 1:24:29]} Ne7
{[%clk 0:53:08]} 17. h5 {[%clk 1:16:41]} h6 {[%clk 0:50:36]} 18. Rfe1
{[%clk 1:12:42]} Rad8 {[%clk 0:42:03]} 19. Re2 {[%clk 0:51:08]} Nc8
{[%clk 0:32:59]} 20. Rae1 {[%clk 0:50:13]} Rxe2 {[%clk 0:30:38]} 21. Rxe2
{[%clk 0:49:46]} Kf8 {[%clk 0:30:04]} 22. Nc4 {[%clk 0:46:31]} Qf5
{[%clk 0:24:53]} 23. Nxb6 {[%clk 0:44:35]} Nxb6 {[%clk 0:25:08]} 24. b3
{[%clk 0:45:00]} Re8 {[%clk 0:20:40]} 25. Rxe8+ {[%clk 0:43:00]} Kxe8
{[%clk 0:21:06]} 26. Qe3+ {[%clk 0:43:09]} Kd8 {[%clk 0:19:53]} 27. Bxd6
{[%clk 0:40:45]} Nxd5 {[%clk 0:18:16]} 28. Bxd5 {[%clk 0:40:39]} cxd6
{[%clk 0:18:09]} 29. Qb6+ {[%clk 0:34:42]} Ke7 {[%clk 0:18:35]} 30. Qxb7
{[%clk 0:35:02]} Kf6 {[%clk 0:15:05]} 31. Bc4 {[%clk 0:25:06]} a5
{[%clk 0:13:46]} 32. Qb6 {[%clk 0:25:16]} Ke7 {[%clk 0:12:29]} 33. Qe3+
{[%clk 0:25:33]} Kd8 {[%clk 0:08:20]} 34. Qd4 {[%clk 0:23:52]} Kc7
{[%clk 0:08:46]} 35. Qxg7 {[%clk 0:19:43]} Qb1+ {[%clk 0:08:51]} 36. Kh2
{[%clk 0:18:11]} Qxa2 {[%clk 0:08:06]} 37. Qxf7 {[%clk 0:18:33]} Kd8
{[%clk 0:08:14]} 38. Bd5 {[%clk 0:18:25]} Qe2 {[%clk 0:06:53]} 39. Kg2
{[%clk 0:17:09]} Qe5 {[%clk 0:05:56]} 40. c4 {[%clk 0:16:35]} Qg5
{[%clk 0:04:31]} 41. Qg6 {[%clk 0:16:12]} 1-0

[Event "2017 O2C Doeberl Cup"]
[Site "Canberra Australia"]
[Date "2017.04.15"]
[Round "6.6"]
[White "Ikeda, Junta"]
[Black "Choong, Yita"]
[Result "1-0"]
[LiveChessVersion "1.4.4"]
[BlackElo "2232"]
[WhiteElo "2394"]

1. Nf3 Nf6 {[%clk 1:30:21]} 2. g3 {[%clk 1:30:42]} b6 {[%clk 1:30:43]} 3. Bg2
{[%clk 1:31:08]} Bb7 {[%clk 1:31:07]} 4. c4 {[%clk 1:31:14]} c5 {[%clk 1:31:31]}
5. Nc3 {[%clk 1:30:42]} e6 {[%clk 1:31:55]} 6. O-O {[%clk 1:30:41]} Be7
{[%clk 1:32:18]} 7. d4 cxd4 {[%clk 1:32:40]} 8. Qxd4 {[%clk 1:26:18]} d6
{[%clk 1:33:03]} 9. Rd1 {[%clk 1:25:54]} a6 {[%clk 1:33:27]} 10. Be3
{[%clk 1:10:11]} Nbd7 {[%clk 1:33:23]} 11. Rac1 {[%clk 1:10:22]} O-O
{[%clk 1:32:53]} 12. b3 {[%clk 1:10:34]} Qc7 {[%clk 1:28:00]} 13. h3
{[%clk 1:08:10]} Rac8 {[%clk 1:22:29]} 14. g4 {[%clk 1:02:42]} Rfd8
{[%clk 1:20:51]} 15. g5 {[%clk 1:01:12]} Ne8 {[%clk 1:17:44]} 16. h4
{[%clk 0:43:00]} Qb8 {[%clk 1:14:24]} 17. h5 {[%clk 0:40:13]} Bc6
{[%clk 0:35:56]} 18. g6 {[%clk 0:38:17]} hxg6 {[%clk 0:35:20]} 19. hxg6
{[%clk 0:38:21]} fxg6 {[%clk 0:35:26]} 20. Bh3 {[%clk 0:35:55]} Nf8
{[%clk 0:27:11]} 21. Qxb6 {[%clk 0:31:14]} Qxb6 {[%clk 0:24:15]} 22. Bxb6
{[%clk 0:31:38]} Rd7 {[%clk 0:24:29]} 23. Nd4 {[%clk 0:24:59]} Kf7
{[%clk 0:24:31]} 24. Nxc6 {[%clk 0:23:58]} Rxc6 {[%clk 0:24:55]} 25. Bd4
{[%clk 0:22:38]} Nf6 {[%clk 0:17:24]} 26. e4 {[%clk 0:21:33]} Rd8
{[%clk 0:17:17]} 27. e5 {[%clk 0:20:16]} dxe5 {[%clk 0:16:41]} 28. Bxe5
{[%clk 0:20:41]} Rxd1+ {[%clk 0:15:04]} 29. Rxd1 {[%clk 0:20:51]} N8d7
{[%clk 0:15:29]} 30. Bf4 {[%clk 0:16:52]} Rc5 {[%clk 0:09:03]} 31. Bg2
{[%clk 0:10:44]} Rf5 {[%clk 0:07:47]} 32. Bd6 {[%clk 0:08:12]} Ng4
{[%clk 0:06:31]} 33. Bg3 {[%clk 0:04:58]} Nde5 {[%clk 0:06:46]} 34. Ne4
{[%clk 0:05:00]} Nf6 {[%clk 0:02:29]} 35. Nd6+ {[%clk 0:05:04]} Bxd6
{[%clk 0:02:53]} 36. Rxd6 {[%clk 0:05:30]} a5 {[%clk 0:03:01]} 37. Bh3
{[%clk 0:02:32]} Neg4 {[%clk 0:01:31]} 38. Kg2 {[%clk 0:02:36]} Rc5
{[%clk 0:01:32]} 39. Ra6 {[%clk 0:01:11]} e5 {[%clk 0:01:27]} 40. Kf3
{[%clk 0:00:37]} e4+ {[%clk 0:01:42]} 41. Ke2 {[%clk 0:28:08]} Ne5
{[%clk 0:29:44]} 42. Ke3 {[%clk 0:20:45]} Nd3 {[%clk 0:23:48]} 43. Be6+
{[%clk 0:20:18]} Ke8 {[%clk 0:24:11]} 44. Bd6 {[%clk 0:20:35]} 1-0

[Event "2017 O2C Doeberl Cup"]
[Site "Canberra Australia"]
[Date "2017.04.15"]
[Round "6.7"]
[White "Lane, Gary W"]
[Black "Solomon, Stephen J"]
[Result "1-0"]
[LiveChessVersion "1.4.4"]
[BlackElo "2374"]
[WhiteElo "2391"]

1. e4 {[%clk 1:28:34]} e5 {[%clk 1:30:44]} 2. Nf3 {[%clk 1:28:48]} Nf6
{[%clk 1:31:09]} 3. d4 {[%clk 1:28:05]} Nxe4 {[%clk 1:31:11]} 4. Bd3
{[%clk 1:28:29]} d5 {[%clk 1:31:32]} 5. Nxe5 {[%clk 1:27:58]} Nd7
{[%clk 1:31:52]} 6. Nxd7 {[%clk 1:28:12]} Bxd7 {[%clk 1:31:58]} 7. Nc3
{[%clk 1:28:34]} Nxc3 {[%clk 1:23:37]} 8. bxc3 {[%clk 1:28:56]} Bd6
{[%clk 1:18:26]} 9. Qh5 {[%clk 1:26:18]} Qe7+ {[%clk 1:00:57]} 10. Be3
{[%clk 1:21:25]} Be6 {[%clk 0:53:05]} 11. Bg5 {[%clk 1:18:55]} Qf8
{[%clk 0:39:54]} 12. Rb1 {[%clk 0:58:05]} h6 {[%clk 0:38:30]} 13. Be3
{[%clk 0:56:43]} O-O-O {[%clk 0:36:37]} 14. O-O {[%clk 0:57:08]} f5
{[%clk 0:32:15]} 15. Qe2 {[%clk 0:54:50]} b6 {[%clk 0:25:18]} 16. a4
{[%clk 0:42:29]} Kb8 {[%clk 0:23:42]} 17. f4 {[%clk 0:41:53]} Qe7
{[%clk 0:22:17]} 18. a5 {[%clk 0:40:26]} Rhe8 {[%clk 0:21:26]} 19. Rbe1
{[%clk 0:36:56]} Bc8 {[%clk 0:16:02]} 20. Qf3 {[%clk 0:30:12]} c6
{[%clk 0:13:45]} 21. axb6 {[%clk 0:27:29]} axb6 {[%clk 0:14:01]} 22. c4
{[%clk 0:25:25]} dxc4 {[%clk 0:10:52]} 23. Bxc4 {[%clk 0:25:05]} Bb7
{[%clk 0:10:18]} 24. Bd3 {[%clk 0:21:57]} g6 {[%clk 0:09:01]} 25. c3
{[%clk 0:14:53]} Qf6 {[%clk 0:05:23]} 26. Qf2 {[%clk 0:10:58]} Re7
{[%clk 0:04:28]} 27. Ra1 {[%clk 0:07:11]} Rde8 {[%clk 0:03:54]} 28. Bc1
{[%clk 0:06:40]} Kc7 {[%clk 0:01:44]} 29. Qb2 {[%clk 0:04:43]} Ra8
{[%clk 0:00:50]} 30. Rb1 {[%clk 0:04:35]} b5 {[%clk 0:01:12]} 31. c4
{[%clk 0:04:55]} Ba3 {[%clk 0:01:29]} 32. Qf2 {[%clk 0:04:37]} Bxc1
{[%clk 0:01:32]} 33. Rfxc1 {[%clk 0:05:02]} Ra3 {[%clk 0:01:41]} 34. Bf1
{[%clk 0:04:30]} bxc4 {[%clk 0:01:17]} 35. Bxc4 {[%clk 0:04:45]} Re4
{[%clk 0:01:33]} 36. Rxb7+ {[%clk 0:04:19]} Kxb7 {[%clk 0:02:01]} 37. Qb2+
{[%clk 0:04:44]} Kc7 {[%clk 0:00:58]} 38. Qxa3 {[%clk 0:05:07]} Qxd4+
{[%clk 0:01:21]} 39. Kh1 {[%clk 0:05:16]} Rxf4 {[%clk 0:00:40]} 40. Bb5
{[%clk 0:04:24]} 1-0

[Event "2017 O2C Doeberl Cup"]
[Site "Canberra Australia"]
[Date "2017.04.15"]
[Round "6.8"]
[White "Smirnov, Anton"]
[Black "Chan, Kris"]
[Result "1-0"]
[LiveChessVersion "1.4.4"]
[BlackElo "2112"]
[WhiteElo "2511"]

1. d4 d5 2. c4 c6 3. Nf3 Nf6 4. Nc3 dxc4 5. a4 Bf5 6. e3 e6 7. Bxc4 Bb4 8. O-O
O-O 9. Qe2 Nbd7 10. e4 Bg6 11. Bd3 c5 12. e5 cxd4 13. Nb5 Bxd3 14. Qxd3 Nc5 15.
Qc4 Nd5 16. Bg5 Qd7 17. Rfd1 d3 18. Bd2 Bxd2 19. Qxc5 a6 20. Na3 Bb4 21. Qd4 Qxa4
22. Rxd3 h6 23. Qg4 Rfd8 24. h3 Rac8 25. Ne1 Qc6 26. Rxd5 Rxd5 27. Qxb4 Rxe5 28.
Nac2 Qe4 29. Qxe4 Rxe4 30. Kf1 Rec4 31. Ne3 Rc1 32. Ra2 f5 33. g3 Rb1 34. Ke2 g5
35. Nd3 Rh1 36. Kf3 Rxh3 37. Kg2 Rh5 38. Ra3 Rc6 39. Ra5 Rd6 40. Nc5 Rb6 41. Nd7
1-0

[Event "2017 O2C Doeberl Cup"]
[Site "Canberra Australia"]
[Date "2017.04.16"]
[Round "7.1"]
[White "Morris, James"]
[Black "Ganguly, Surya Shekhar"]
[Result "0-1"]
[LiveChessVersion "1.4.4"]
[BlackElo "2640"]
[WhiteElo "2459"]

1. Nf3 {[%clk 1:30:56]} d5 {[%clk 1:30:39]} 2. c4 {[%clk 1:31:18]} d4
{[%clk 1:28:52]} 3. g3 {[%clk 1:30:59]} Nc6 {[%clk 1:29:08]} 4. Bg2
{[%clk 1:31:24]} e5 {[%clk 1:29:33]} 5. O-O {[%clk 1:30:38]} e4 {[%clk 1:26:28]}
6. Ne1 {[%clk 1:30:47]} h5 {[%clk 1:24:16]} 7. d3 {[%clk 1:08:02]} h4
{[%clk 1:24:16]} 8. Bxe4 Bh3 {[%clk 1:13:38]} 9. Qb3 {[%clk 1:07:45]} Qc8
{[%clk 1:10:57]} 10. Ng2 Nf6 {[%clk 1:11:01]} 11. Bf3 {[%clk 1:00:12]} Ng4
{[%clk 0:41:05]} 12. Nd2 {[%clk 0:37:37]} Be7 13. Re1 hxg3 {[%clk 0:39:43]} 14.
hxg3 {[%clk 0:33:10]} g5 {[%clk 0:39:57]} 15. Nf1 {[%clk 0:17:22]} Nge5
{[%clk 0:38:39]} 16. Bd5 {[%clk 0:16:11]} Nb4 {[%clk 0:34:07]} 17. Be4
{[%clk 0:15:25]} 0-1

[Event "2017 O2C Doeberl Cup"]
[Site "Canberra Australia"]
[Date "2017.04.16"]
[Round "7.2"]
[White "Krasenkow, Michal"]
[Black "Zhao, Zong-Yuan"]
[Result "1/2-1/2"]
[LiveChessVersion "1.4.4"]
[BlackElo "2539"]
[WhiteElo "2620"]

1. d4 {[%clk 1:30:58]} Nf6 {[%clk 1:25:08]} 2. Nf3 {[%clk 1:31:22]} e6
{[%clk 1:25:05]} 3. e3 {[%clk 1:32:06]} b6 {[%clk 1:19:56]} 4. Bd3
{[%clk 1:32:06]} Bb7 {[%clk 1:19:56]} 5. O-O {[%clk 1:32:06]} d5 {[%clk 1:20:18]}
6. b3 {[%clk 1:32:35]} Bd6 {[%clk 1:20:56]} 7. Bb2 {[%clk 1:30:26]} O-O
{[%clk 1:11:59]} 8. Ne5 {[%clk 1:30:25]} c5 {[%clk 1:11:59]} 9. Nd2
{[%clk 1:30:25]} Nbd7 {[%clk 1:12:01]} 10. f4 {[%clk 1:30:24]} cxd4
{[%clk 1:12:01]} 11. Nxd7 {[%clk 1:30:24]} Qxd7 {[%clk 1:12:01]} 12. Bxd4
{[%clk 1:30:24]} Qe7 {[%clk 1:12:01]} 13. Qf3 {[%clk 1:30:24]} Rac8
{[%clk 1:12:01]} 14. Qg3 {[%clk 1:30:24]} Bc5 {[%clk 1:12:01]} 15. Nf3
{[%clk 1:30:24]} Bxd4 {[%clk 1:12:01]} 16. Nxd4 {[%clk 1:30:24]} a6
{[%clk 1:12:01]} 17. Qh3 {[%clk 1:30:24]} g6 {[%clk 1:12:01]} 18. g4
{[%clk 1:30:24]} e5 {[%clk 1:12:01]} 19. fxe5 {[%clk 1:30:24]} Qxe5
{[%clk 1:12:01]} 20. Rf4 {[%clk 1:30:24]} Rce8 {[%clk 1:12:01]} 21. Raf1
{[%clk 1:30:24]} Nd7 {[%clk 1:12:01]} 22. R1f3 {[%clk 1:30:24]} Nc5
{[%clk 1:12:01]} 23. Qh6 {[%clk 1:30:24]} Ne6 {[%clk 1:12:01]} 24. Nxe6
{[%clk 1:30:24]} Rxe6 {[%clk 1:12:01]} 25. g5 {[%clk 1:30:24]} f5
{[%clk 1:12:01]} 26. gxf6 {[%clk 1:30:24]} Rfxf6 {[%clk 1:12:01]} 27. Rxf6
{[%clk 1:30:24]} Rxf6 {[%clk 1:12:01]} 28. Rxf6 {[%clk 1:30:24]} Qxf6
{[%clk 1:12:01]} 29. Qf4 {[%clk 1:30:24]} Qxf4 {[%clk 1:12:01]} 30. exf4
{[%clk 1:30:24]} d4 {[%clk 1:12:01]} 31. Kf2 {[%clk 1:30:24]} Kf7
{[%clk 1:12:01]} 32. Ke2 {[%clk 1:30:24]} Kf6 {[%clk 1:12:01]} 33. Kd2
{[%clk 1:30:24]} a5 {[%clk 1:12:01]} 34. c3 {[%clk 1:30:24]} dxc3+
{[%clk 1:12:01]} 35. Kxc3 {[%clk 1:30:24]} h6 {[%clk 1:12:01]} 36. Kc4
{[%clk 1:30:24]} Bc6 {[%clk 1:12:01]} 37. Kd4 {[%clk 1:30:24]} g5
{[%clk 1:12:01]} 38. fxg5+ {[%clk 1:30:24]} hxg5 {[%clk 1:12:01]} 39. Be4
{[%clk 1:30:24]} Be8 {[%clk 1:12:01]} 40. Kd5 {[%clk 1:30:24]} a4
{[%clk 1:12:01]} 41. bxa4 {[%clk 1:30:24]} Bxa4 {[%clk 1:12:01]} 42. Kd6
{[%clk 1:30:24]} g4 {[%clk 1:12:01]} 43. Kc7 {[%clk 1:30:24]} b5 {[%clk 0:18:59]}
44. Kb6 {[%clk 0:20:00]} Kg5 {[%clk 0:19:00]} 45. Kc5 {[%clk 0:16:33]} Kh4
{[%clk 0:17:59]} 46. Bg2 {[%clk 0:16:30]} Kg5 {[%clk 0:16:43]} 47. Bf1
{[%clk 0:16:10]} Kh4 {[%clk 0:16:41]} 48. a3 {[%clk 0:16:23]} Kg5
{[%clk 0:13:07]} 49. Kd4 {[%clk 0:16:16]} Kf4 {[%clk 0:12:10]} 50. Be2
{[%clk 0:16:35]} g3 {[%clk 0:08:37]} 51. hxg3+ {[%clk 0:17:00]} Kxg3
{[%clk 0:09:07]} 52. Kc5 {[%clk 0:17:09]} Kf4 {[%clk 0:09:18]} 53. Bxb5
{[%clk 0:16:55]} Bd1 {[%clk 0:09:38]} 54. Kb4 1/2-1/2

[Event "2017 O2C Doeberl Cup"]
[Site "Canberra Australia"]
[Date "2017.04.16"]
[Round "7.3"]
[White "Ikeda, Junta"]
[Black "Clarke, Brandon G I"]
[Result "1-0"]
[LiveChessVersion "1.4.4"]
[BlackElo "2298"]
[WhiteElo "2394"]

1. Nf3 {[%clk 1:30:57]} Nf6 {[%clk 1:30:53]} 2. g3 {[%clk 1:31:22]} g6
{[%clk 1:31:18]} 3. Bg2 {[%clk 1:31:49]} Bg7 {[%clk 1:31:44]} 4. c4
{[%clk 1:32:04]} O-O {[%clk 1:32:10]} 5. O-O {[%clk 1:32:16]} d6 {[%clk 1:32:36]}
6. d4 {[%clk 1:32:38]} Nc6 {[%clk 1:33:01]} 7. Nc3 {[%clk 1:31:14]} a6
{[%clk 1:33:29]} 8. Bf4 {[%clk 1:22:12]} h6 {[%clk 1:33:57]} 9. Rc1
{[%clk 1:11:03]} Ng4 {[%clk 1:29:25]} 10. d5 {[%clk 1:06:48]} Nce5
{[%clk 1:25:21]} 11. b3 {[%clk 0:56:12]} c5 {[%clk 1:24:46]} 12. dxc6
{[%clk 0:48:38]} Nxc6 {[%clk 1:25:13]} 13. Nd5 {[%clk 0:48:29]} Be6
{[%clk 1:07:50]} 14. h3 {[%clk 0:46:10]} Nge5 {[%clk 1:07:35]} 15. Be3
{[%clk 0:44:09]} Nxf3+ {[%clk 0:50:06]} 16. exf3 {[%clk 0:44:17]} Bxd5
{[%clk 0:50:11]} 17. cxd5 {[%clk 0:38:58]} Ne5 {[%clk 0:50:35]} 18. Qd2
{[%clk 0:29:27]} Kh7 {[%clk 0:49:51]} 19. f4 {[%clk 0:28:00]} Nd7
{[%clk 0:50:19]} 20. f5 {[%clk 0:17:08]} Nf6 {[%clk 0:50:06]} 21. fxg6+
{[%clk 0:16:22]} fxg6 {[%clk 0:50:35]} 22. Rc4 {[%clk 0:13:59]} Qd7
{[%clk 0:50:22]} 23. Rh4 {[%clk 0:11:17]} h5 {[%clk 0:49:53]} 24. g4
{[%clk 0:10:33]} Kg8 {[%clk 0:46:02]} 25. Qd3 {[%clk 0:07:50]} Qe8
{[%clk 0:45:42]} 26. f4 {[%clk 0:07:10]} Kf7 {[%clk 0:41:11]} 27. f5
{[%clk 0:02:27]} g5 {[%clk 0:41:40]} 28. Bxg5 {[%clk 0:02:30]} Qb5
{[%clk 0:38:42]} 29. Qe3 {[%clk 0:02:02]} Qc5 {[%clk 0:38:33]} 30. Qxc5
{[%clk 0:02:18]} dxc5 {[%clk 0:39:03]} 31. Bxf6 {[%clk 0:01:00]} Bxf6
{[%clk 0:39:32]} 32. Rxh5 {[%clk 0:01:24]} Rh8 {[%clk 0:39:57]} 33. Rxh8
{[%clk 0:01:37]} Rxh8 {[%clk 0:40:26]} 34. Re1 {[%clk 0:01:24]} Rd8
{[%clk 0:36:24]} 35. Re6 {[%clk 0:01:23]} Rd6 {[%clk 0:36:53]} 36. Kf2
{[%clk 0:01:13]} Bh4+ {[%clk 0:37:21]} 37. Ke3 {[%clk 0:01:07]} Bg5+
{[%clk 0:37:38]} 38. Kf2 {[%clk 0:01:00]} Bh4+ {[%clk 0:38:01]} 39. Ke2
{[%clk 0:01:02]} b6 {[%clk 0:37:47]} 40. Re3 {[%clk 0:01:06]} Bg5
{[%clk 0:36:53]} 41. Rc3 {[%clk 0:29:08]} Kf6 {[%clk 1:07:03]} 42. Kd3
{[%clk 0:24:03]} Ke5 {[%clk 1:06:12]} 43. Rc4 {[%clk 0:24:23]} Bh4
{[%clk 1:02:38]} 44. Re4+ {[%clk 0:24:07]} Kf6 {[%clk 1:02:58]} 45. Re2
{[%clk 0:24:14]} Kf7 {[%clk 1:00:02]} 46. Ke4 {[%clk 0:24:28]} Kf6
{[%clk 0:59:48]} 47. Rc2 {[%clk 0:23:12]} Kg5 {[%clk 0:58:47]} 48. Bf1
{[%clk 0:21:30]} a5 {[%clk 0:58:56]} 49. Bb5 {[%clk 0:18:24]} Rh6
{[%clk 0:40:20]} 50. Kf3 {[%clk 0:10:04]} Be1 {[%clk 0:35:03]} 51. Re2
{[%clk 0:08:59]} Bc3 {[%clk 0:32:27]} 52. Kg3 {[%clk 0:06:12]} Rd6
{[%clk 0:31:58]} 53. h4+ {[%clk 0:06:18]} Kf6 {[%clk 0:32:26]} 54. g5+
{[%clk 0:06:33]} Kf7 {[%clk 0:31:48]} 55. a4 {[%clk 0:06:25]} Kf8
{[%clk 0:32:01]} 56. Bc6 {[%clk 0:06:39]} Bd4 {[%clk 0:32:09]} 57. h5
{[%clk 0:06:37]} Bg7 {[%clk 0:32:29]} 58. h6 {[%clk 0:06:50]} Bh8
{[%clk 0:32:38]} 59. f6 {[%clk 0:06:45]} 1-0

[Event "2017 O2C Doeberl Cup"]
[Site "Canberra Australia"]
[Date "2017.04.16"]
[Round "7.4"]
[White "Johansen, Darryl K"]
[Black "Lane, Gary W"]
[Result "1/2-1/2"]
[LiveChessVersion "1.4.4"]
[BlackElo "2391"]
[WhiteElo "2377"]

1. c4 {[%clk 1:30:58]} e5 {[%clk 1:26:09]} 2. Nc3 {[%clk 1:30:50]} Nf6
{[%clk 1:26:31]} 3. Nf3 {[%clk 1:28:59]} Nc6 {[%clk 1:25:43]} 4. g3
{[%clk 1:26:10]} Bb4 {[%clk 1:25:51]} 5. Bg2 {[%clk 1:24:44]} Bxc3
{[%clk 1:21:40]} 6. bxc3 {[%clk 1:23:24]} d6 {[%clk 1:18:01]} 7. O-O
{[%clk 1:22:48]} O-O {[%clk 1:18:27]} 8. d3 {[%clk 1:22:26]} Ne8 {[%clk 1:15:24]}
9. Ne1 {[%clk 1:16:55]} f5 {[%clk 1:12:59]} 10. f4 {[%clk 1:17:17]} Qf6
{[%clk 0:49:54]} 11. Qd2 {[%clk 1:10:25]} Ne7 {[%clk 0:48:25]} 12. Rb1
{[%clk 1:09:00]} c6 {[%clk 0:48:29]} 13. fxe5 {[%clk 0:57:46]} dxe5
{[%clk 0:41:38]} 14. Ba3 {[%clk 0:56:46]} Nd6 {[%clk 0:41:16]} 15. e4
{[%clk 0:52:42]} g6 {[%clk 0:39:16]} 16. Nf3 {[%clk 0:46:51]} Rd8
{[%clk 0:30:08]} 17. Bxd6 {[%clk 0:25:11]} Qxd6 {[%clk 0:28:43]} 18. Qh6
{[%clk 0:23:14]} Qf6 {[%clk 0:24:42]} 19. d4 {[%clk 0:23:02]} exd4
{[%clk 0:24:33]} 20. Nxd4 {[%clk 0:20:28]} c5 {[%clk 0:20:53]} 21. Nxf5
{[%clk 0:20:33]} Bxf5 {[%clk 0:13:26]} 22. exf5 {[%clk 0:20:56]} Nxf5
{[%clk 0:13:53]} 23. Rxb7 {[%clk 0:18:21]} Nxh6 {[%clk 0:09:03]} 24. Rxf6
{[%clk 0:18:44]} Rd1+ {[%clk 0:09:29]} 25. Rf1 {[%clk 0:19:00]} Rd2
{[%clk 0:09:28]} 26. Bd5+ {[%clk 0:18:20]} Kh8 {[%clk 0:09:54]} 27. Re1
{[%clk 0:13:01]} Ng4 {[%clk 0:09:17]} 28. Ree7 {[%clk 0:12:17]} Nf6
{[%clk 0:08:28]} 29. Rxa7 {[%clk 0:04:46]} Rxa7 {[%clk 0:08:27]} 30. Rxa7
{[%clk 0:05:09]} Nxd5 {[%clk 0:08:54]} 31. cxd5 {[%clk 0:05:31]} Rxd5
{[%clk 0:09:09]} 32. a4 {[%clk 0:05:48]} Rd3 {[%clk 0:08:41]} 33. a5
{[%clk 0:06:08]} Rxc3 {[%clk 0:09:02]} 34. Rc7 {[%clk 0:06:31]} Ra3
{[%clk 0:08:02]} 35. Rxc5 {[%clk 0:06:55]} Ra2 {[%clk 0:08:18]} 36. h4
{[%clk 0:05:37]} Kg7 {[%clk 0:08:04]} 37. h5 {[%clk 0:05:34]} gxh5
{[%clk 0:07:45]} 38. Rxh5 {[%clk 0:05:54]} Kg6 {[%clk 0:08:02]} 39. Rb5
{[%clk 0:06:17]} h5 {[%clk 0:07:09]} 40. Kf1 {[%clk 0:06:39]} Ra3
{[%clk 0:06:03]} 41. Kf2 {[%clk 0:07:02]} Kh6 {[%clk 0:27:47]} 42. Kg2
{[%clk 0:37:10]} Kg6 {[%clk 0:27:14]} 43. Kh3 {[%clk 0:37:14]} Kh6
{[%clk 0:27:13]} 44. Kh4 {[%clk 0:37:33]} Ra4+ {[%clk 0:27:37]} 45. Kh3
{[%clk 0:37:56]} Ra3 {[%clk 0:28:04]} 46. Rb6+ {[%clk 0:38:17]} Kg5
{[%clk 0:27:50]} 47. a6 {[%clk 0:38:40]} h4 {[%clk 0:27:24]} 48. Rb5+
{[%clk 0:39:04]} Kg6 {[%clk 0:27:48]} 49. Kxh4 1/2-1/2

[Event "2017 O2C Doeberl Cup"]
[Site "Canberra Australia"]
[Date "2017.04.16"]
[Round "7.5"]
[White "Heberla, Bartlomiej"]
[Black "Tao, Trevor"]
[Result "1-0"]
[LiveChessVersion "1.4.4"]
[BlackElo "2381"]
[WhiteElo "2580"]

1. e4 {[%clk 1:26:45]} c6 {[%clk 1:30:52]} 2. d4 {[%clk 1:27:09]} d5
{[%clk 1:31:16]} 3. Nc3 {[%clk 1:27:21]} g6 {[%clk 1:31:38]} 4. h3
{[%clk 1:27:48]} Bg7 {[%clk 1:32:01]} 5. Nf3 {[%clk 1:28:14]} dxe4
{[%clk 1:29:33]} 6. Nxe4 {[%clk 1:27:37]} Nf6 {[%clk 1:29:57]} 7. Nxf6+
{[%clk 1:27:00]} Bxf6 {[%clk 1:30:22]} 8. c3 {[%clk 1:20:52]} O-O
{[%clk 1:26:50]} 9. Bh6 {[%clk 1:15:40]} Bg7 {[%clk 1:27:11]} 10. Qd2
{[%clk 1:13:47]} Qd5 {[%clk 1:26:46]} 11. c4 {[%clk 1:07:51]} Bxh6
{[%clk 1:26:37]} 12. Qxh6 {[%clk 1:08:12]} Qa5+ {[%clk 1:26:54]} 13. Kd1
{[%clk 0:58:56]} Nd7 {[%clk 1:26:08]} 14. Bd3 {[%clk 0:58:17]} Nf6
{[%clk 1:26:16]} 15. Re1 {[%clk 0:58:28]} Be6 {[%clk 1:25:22]} 16. Rxe6
{[%clk 0:17:08]} fxe6 {[%clk 1:25:47]} 17. Ng5 {[%clk 0:17:31]} Rf7
{[%clk 1:16:47]} 18. Nxf7 {[%clk 0:16:48]} Kxf7 {[%clk 1:17:13]} 19. Kc2
{[%clk 0:13:33]} Rd8 {[%clk 1:14:42]} 20. Qe3 {[%clk 0:13:52]} Qa4+
{[%clk 1:11:22]} 21. b3 {[%clk 0:12:49]} Qa3 {[%clk 1:11:30]} 22. g4
{[%clk 0:09:15]} a5 {[%clk 1:09:24]} 23. g5 {[%clk 0:09:43]} Nh5 {[%clk 1:09:34]}
24. Be2 {[%clk 0:04:15]} Ng7 {[%clk 1:09:35]} 25. Bg4 {[%clk 0:04:15]} a4
{[%clk 1:09:23]} 26. Qc3 {[%clk 0:04:40]} Qd6 {[%clk 1:08:26]} 27. Rd1
{[%clk 0:04:38]} axb3+ {[%clk 1:04:24]} 28. axb3 {[%clk 0:05:07]} Kg8
{[%clk 1:04:41]} 29. c5 {[%clk 0:02:29]} Qd5 {[%clk 1:02:28]} 30. Qe3
{[%clk 0:01:53]} Nf5 {[%clk 1:01:45]} 31. Bxf5 {[%clk 0:01:56]} Qxf5+
{[%clk 1:02:10]} 32. Rd3 {[%clk 0:01:16]} Rf8 {[%clk 0:58:53]} 33. Kc3
{[%clk 0:01:13]} Qd5 {[%clk 0:56:45]} 34. f4 {[%clk 0:01:03]} Ra8
{[%clk 0:48:34]} 35. Qe5 {[%clk 0:00:32]} Kf7 {[%clk 0:47:10]} 36. Qxd5
{[%clk 0:00:33]} exd5 {[%clk 0:47:28]} 37. Kb2 {[%clk 0:00:52]} Ke6
{[%clk 0:46:24]} 38. Re3+ {[%clk 0:01:21]} Kd7 {[%clk 0:46:46]} 39. Rg3
{[%clk 0:00:34]} Rf8 {[%clk 0:45:19]} 40. Rg4 {[%clk 0:01:03]} Ke6
{[%clk 0:30:50]} 41. Rh4 {[%clk 0:29:27]} Rf7 {[%clk 0:59:43]} 42. Kc3
{[%clk 0:29:49]} Kd7 {[%clk 0:59:43]} 43. Kb4 {[%clk 0:19:50]} Ke6
{[%clk 0:59:12]} 44. Kc3 {[%clk 0:15:46]} Kd7 {[%clk 0:57:49]} 45. Kd3
{[%clk 0:15:45]} Ke8 {[%clk 0:56:42]} 46. Ke3 {[%clk 0:15:46]} Kf8
{[%clk 0:53:16]} 47. Rg4 {[%clk 0:16:02]} Ke8 {[%clk 0:53:30]} 48. h4
{[%clk 0:10:46]} Rf8 {[%clk 0:53:09]} 49. Rg1 {[%clk 0:10:24]} Kf7
{[%clk 0:49:39]} 50. Ra1 {[%clk 0:10:42]} Rb8 {[%clk 0:45:39]} 51. b4
{[%clk 0:05:45]} Ke6 {[%clk 0:41:58]} 52. Ra7 {[%clk 0:02:29]} Kf5
{[%clk 0:40:16]} 53. Kf3 {[%clk 0:02:50]} Ke6 {[%clk 0:40:42]} 54. Kg4
{[%clk 0:02:58]} Kf7 {[%clk 0:40:33]} 55. f5 {[%clk 0:02:29]} gxf5+
{[%clk 0:37:16]} 56. Kxf5 {[%clk 0:02:58]} b6 {[%clk 0:37:41]} 57. h5
{[%clk 0:02:30]} bxc5 {[%clk 0:38:07]} 58. bxc5 {[%clk 0:02:51]} Rb1
{[%clk 0:38:14]} 59. g6+ {[%clk 0:03:14]} hxg6+ {[%clk 0:38:38]} 60. hxg6+
{[%clk 0:03:42]} Kf8 {[%clk 0:38:10]} 61. Ke6 {[%clk 0:02:21]} Rd1
{[%clk 0:32:54]} 62. Kd7 {[%clk 0:00:55]} Rxd4 {[%clk 0:33:19]} 63. Kxc6
{[%clk 0:01:22]} Rd1 {[%clk 0:33:26]} 64. Kd7 {[%clk 0:01:27]} Kg7
{[%clk 0:30:24]} 65. c6 {[%clk 0:01:51]} Rc1 {[%clk 0:30:33]} 66. c7
{[%clk 0:02:14]} d4 {[%clk 0:30:56]} 67. c8=Q {[%clk 0:01:52]} Rxc8
{[%clk 0:31:22]} 68. Kxc8 {[%clk 0:02:19]} Kxg6 {[%clk 0:31:47]} 69. Ra5
{[%clk 0:01:25]} Kf6 {[%clk 0:31:25]} 70. Kd7 {[%clk 0:01:42]} d3
{[%clk 0:30:02]} 71. Rd5 {[%clk 0:01:24]} e5 {[%clk 0:30:06]} 72. Rxd3
{[%clk 0:00:59]} Kf5 {[%clk 0:30:31]} 73. Kc6 {[%clk 0:00:47]} e4
{[%clk 0:30:39]} 74. Rd8 {[%clk 0:00:45]} e3 {[%clk 0:31:04]} 75. Kd5
{[%clk 0:00:57]} Kf4 {[%clk 0:31:13]} 76. Kd4 {[%clk 0:01:06]} e2
{[%clk 0:31:37]} 77. Re8 {[%clk 0:01:17]} e1=N {[%clk 0:32:01]} 78. Rxe1
{[%clk 0:01:42]} 1-0